Theorizing multiculturalism : a guide to the current debate /
Saved in:
| Other Authors: | |
|---|---|
| Format: | Book |
| Language: | English |
| Published: |
Cambridge, Mass :
Blackwell,
1998.
|
| Subjects: | |
| Tags: |
Add Tag
No Tags, Be the first to tag this record!
|
| LEADER | 00748nam a22002538a 4500 | ||
|---|---|---|---|
| 001 | 007774403-9 | ||
| 005 | 20020606104010.5 | ||
| 008 | 970822s1998 mau b 001 0 eng | ||
| 010 | |a 97037878 | ||
| 020 | |a 0631203419 | ||
| 020 | |a 0631203427 (pbk.) | ||
| 035 | 0 | |a ocm37546851 | |
| 040 | |a DLC |c DLC | ||
| 050 | 0 | 0 | |a HM276 |b .T49 1998 |
| 082 | 0 | 0 | |a 306 |2 21 |
| 245 | 0 | 0 | |a Theorizing multiculturalism : |b a guide to the current debate / |c edited by Cynthia Willett. |
| 260 | |a Cambridge, Mass : |b Blackwell, |c 1998. | ||
| 300 | |a xi, 466 p. ; |c 24 cm. | ||
| 504 | |a Includes bibliographical references and index. | ||
| 650 | 0 | |a Multiculturalism. | |
| 650 | 0 | |a Cultural pluralism. | |
| 700 | 1 | |a Willett, Cynthia, |d 1956- | |
| 988 | |a 20020608 | ||
| 906 | |0 DLC | ||


